• 首页
  • 本馆介绍
  • 公告通知
  • 最新文献
  • 馆藏检索
  • 电子资源
  • 读者导购
  • 参考咨询
  • 我的图书馆
  • 登录
  • 详细信息显示
  • 放入我的书架
  • 预约/预借图书
  • 作者相关作品
  • 分类相关作品
  • 丛书相关作品
  • 出版社相关作品

书目信息

  • 表格格式
  • 工作单格式
  • 卡片格式
题名:
公共参与人博弈与社会最优契约
    
 
作者: 欧阳葵 , 王国成 著
分册:  
出版信息: 北京   中国社会科学出版社  2013
页数: 210页
开本: 24cm
丛书名:
单 册:
中图分类: F246
科图分类:
主题词: 社会契约--研究 , 社会契约
电子资源:
ISBN: 978-7-5161-2774-2
000 01061nam0 2200265 450
001 523
005 20140908164732.14
010    @a978-7-5161-2774-2@dCNY40.00
100    @a20130929d2013 em y0chiy50 ea
101 0  @achi@deng@eeng
102    @aCN@b110000
105    @ay z 000yy
106    @ar
200 1  @a公共参与人博弈与社会最优契约@AGong Gong Can Yu Ren Bo Yi Yu She Hui Zui You Qi Yue@f欧阳葵,王国成著@FOu Yang Kui, Wang Guo Cheng Zhu
210    @a北京@c中国社会科学出版社@d2013
215    @a210页@d24cm
300    @a中国社会科学院创新工程学术出版资助项目
330    @a本书分为两部分,第一部分系统地探讨了各种传统的社会选择规则,提出并证明了否决权定理,给出了帕累托扩展准则、等级制度和波达规则的系列新的公理化条件;第二部分在策略型公共参与人博弈中提出了社会最优契约的解概念,并证明了其存在性等。
606 0  @a社会契约@x研究
606 0  @a社会契约
690    @aF246@v5
701  0 @a欧阳葵@AOu Yang Kui@f(1982~)@4著
701  0 @a王国成@AWang Guo Cheng@f(1956.11~)@4著
801  0 @aCN@bTANGWEI@c20140603
905    @b0840043-45@dF246@e115@f3
    
    公共参与人博弈与社会最优契约/欧阳葵,王国成著.-北京:中国社会科学出版社,2013
    210页;24cm
    中国社会科学院创新工程学术出版资助项目
    
    ISBN 978-7-5161-2774-2:CNY40.00
    本书分为两部分,第一部分系统地探讨了各种传统的社会选择规则,提出并证明了否决权定理,给出了帕累托扩展准则、等级制度和波达规则的系列新的公理化条件;第二部分在策略型公共参与人博弈中提出了社会最优契约的解概念,并证明了其存在性等。
●
相关链接 在E读中查询图书 在五车中查询图书 在当当中查询图书 在豆瓣中查询图书


正题名:公共参与人博弈与社会最优契约     索取号:F246/115         预约/预借

序号 登录号 条形码 馆藏地/架位号 状态 备注
1 0840043   208400434   第一样本阅览室/ [索取号:F246/115] 在馆    
2 0840044   208400443   第一借阅区/ [索取号:F246/115] 在馆    
3 0840045   208400452   密集书库-海洋学院/ [索取号:F246/115] 在馆    
唐山师范学院图书馆 欢迎您!
大连网信软件有限公司© 版权所有